[Event "Saint Louis GM"]
[Site "Saint Louis"]
[Date "2017.11.17"]
[Round "1"]
[White "Chirila, Ioan Cristian"]
[Black "Ashwin, Jayaram"]
[Result "0-1"]
[WhiteElo "2557"]
[BlackElo "2474"]
[PlyCount "170"]
[EventDate "2017.11.17"]
[EventType "tourn"]
[EventRounds "9"]
[EventCountry "USA"]
[EventCategory "10"]
[SourceTitle "CBM 181 Extra"]
[Source "ChessBase"]
[SourceDate "2017.12.12"]
[SourceVersion "1"]
[SourceVersionDate "2017.12.12"]
[SourceQuality "1"]

1. b3 d6 2. Bb2 Nd7 3. g3 Ngf6 4. Bg2 g6 5. e4 Bg7 6. Ne2 0-0 7. 0-0 e5 8. c4 Nc5 9. Qc2 c6 10. Nbc3 Re8 11. d4 exd4 12. Nxd4 Qb6 13. Rad1 a5 14. h3 a4 15. Kh2 axb3 16. axb3 Nfd7 17. f4 Nf8 18. f5 Nfd7 19. Ndb5 cxb5 20. Nd5 Qd8 21. Bxg7 Kxg7 22. b4 Na4 23. cxb5 Nab6 24. Nc7 Ra4 25. Rxd6 Re5 26. Qc3 Qf8 27. Rxb6 Qxb4 28. f6+ Kh6 29. Qxb4 Rxb4 30. Rd6 Rc5 31. Ne6 fxe6 32. Rxd7 Bxd7 33. f7 Rc8 34. f8Q+ Rxf8 35. Rxf8 Rxb5 36. Rf7 Bc6 37. h4 Re5 38. g4 g5 39. Kg3 Kg6 40. Re7 gxh4+ 41. Kf4 h3 42. Bh1 Rc5 43. Rxe6+ Kg7 44. g5 Rc1 45. Bf3 h2 46. Rh6 Rc2 47. Ke3 b5 48. Be2 Bxe4 49. Rxh2 Bg6 50. Rh4 Rc5 51. Rb4 Re5+ 52. Kf2 Be8 53. Bd3 Rxg5 54. Kf3 h5 55. Rd4 Kf6 56. Rf4+ Ke7 57. Rd4 Bc6+ 58. Ke3 Rg3+ 59. Kf2 Rg2+ 60. Ke3 Rg3+ 61. Kf2 Rg5 62. Ke3 Ke6 63. Be2 Re5+ 64. Kf2 Rf5+ 65. Kg3 Ke5 66. Rd8 Rg5+ 67. Kh4 Rg2 68. Bxh5 Be4 69. Bg4 b4 70. Rb8 Kf4 71. Rf8+ Ke3 72. Rb8 Rb2 73. Kg5 b3 74. Be6 Rg2+ 75. Kf6 b2 76. Ba2 Bd3 77. Ke5 Rg5+ 78. Kf6 Rf5+ 79. Ke7 Rb5 80. Ra8 Kd2 81. Kd7 Rb6 82. Kc7 Ra6 83. Rxa6 Bxa6 84. Kb6 Bc4 85. Bb1 Kc1 0-1

[Event "PRO League Pacific"]
[Site "Chess.com INT"]
[Date "2017.01.11"]
[Round "1"]
[White "Ashwin, Jayaram"]
[Black "Naroditsky, Daniel"]
[Result "1/2-1/2"]
[WhiteElo "2490"]
[BlackElo "2646"]
[PlyCount "41"]
[EventDate "2017.01.11"]
[EventType "team-swiss (rapid)"]
[EventRounds "7"]
[EventCountry "USA"]
[SourceTitle "CBM 176 Extra"]
[Source "ChessBase"]
[SourceDate "2017.03.02"]
[SourceVersion "1"]
[SourceVersionDate "2017.03.02"]
[SourceQuality "1"]
[WhiteTeam "Webster Windmills"]
[BlackTeam "San Jose Hackers"]
[WhiteTeamCountry "USA"]
[BlackTeamCountry "USA"]

1. d4 Nf6 2. Nf3 d5 3. Bf4 c5 4. e3 Nc6 5. Nbd2 Bg4 6. c3 Qb6 7. Qb3 c4 8. Qc2 e6 9. b3 Bf5 10. Qc1 cxb3 11. axb3 Be7 12. h3 0-0 13. Be2 Rfc8 14. Qb2 Nb4 15. 0-0 Bd3 16. Rfe1 Bxe2 17. Rxe2 Nd3 18. Qc2 Nb4 19. Qb2 Nd3 20. Qc2 Nb4 21. Qb2 1/2-1/2

[Event "Saint Louis GM"]
[Site "Saint Louis"]
[Date "2016.11.19"]
[Round "4"]
[White "Ashwin, Jayaram"]
[Black "Hambleton, Aman"]
[Result "1/2-1/2"]
[WhiteElo "2477"]
[BlackElo "2445"]
[PlyCount "31"]
[EventDate "2016.11.17"]
[EventType "tourn"]
[EventRounds "9"]
[EventCountry "USA"]
[EventCategory "9"]
[SourceTitle "CBM 175 Extra"]
[Source "ChessBase"]
[SourceDate "2016.12.12"]
[SourceVersion "1"]
[SourceVersionDate "2016.12.12"]
[SourceQuality "1"]

1. Nf3 d5 2. g3 c6 3. Bg2 Bg4 4. 0-0 Nf6 5. h3 Bh5 6. d3 e6 7. Qe1 Be7 8. e4 Nfd7 9. Bf4 0-0 10. Nbd2 a5 11. g4 Bg6 12. Qe2 Re8 13. Rfe1 Na6 14. a3 Nac5 15. Bg3 h6 16. Rab1 1/2-1/2